willow - Taylor Swift Lyrics - Statistics

General Stats
  • This quiz has been taken 7 times
  • The average score is 347 of 413
Answer Stats
Answer % Correct
a
100%
an
100%
and
100%
begging
100%
follow
100%
for
100%
hand
100%
I
100%
I'm
100%
i'm
100%
it
100%
life
100%
man
100%
my
100%
plans
100%
take
100%
that
100%
that's
100%
thats
100%
to
100%
was
100%
when
100%
where
100%
willow
100%
win
100%
you
100%
anywhere
86%
else
86%
face
86%
if
86%
in
86%
knife
86%
know
86%
less
86%
like
86%
look
86%
night
86%
on
86%
right
86%
say
86%
ship
86%
the
86%
water
86%
wherever
86%
wind
86%
wreck
86%
your
86%
bent
71%
case
71%
cheat
71%
from
71%
hollow
71%
home
71%
i'd
71%
me
71%
more
71%
open
71%
shut
71%
stray
71%
yeah
71%
art
57%
back
57%
but
57%
champion
57%
come
57%
could
57%
cut
57%
dark
57%
every
57%
I'll
57%
is
57%
known
57%
never
57%
of
57%
one
57%
prize
57%
sneakin'
57%
stronger
57%
than
57%
there
57%
they
57%
through
57%
trend
57%
trophy
57%
were
57%
wine
57%
work
57%
90s
43%
after
43%
feel
43%
head
43%
meet
43%
mythical
43%
or
43%
others
43%
out
43%
pillow
43%
places
43%
priceless
43%
rolled
43%
scars
43%
show
43%
signal
43%
surface
43%
switch
43%
thing
43%
this
43%
wait
43%
would've
43%
again
29%
as
29%
count
29%
gave
29%
guess
29%
ring
29%
rough
29%
time
29%
train
29%
bait
14%
current
14%
hey
14%
lost
14%
now
14%
should've
14%
No matching quizzes found
Score Distribution
Percent of People with Each Score
Percentile by Number Answered
Your Score History
You have not taken this quiz